000 00287 a2200121 4500
000 nam a22 7a 4500
005 20260130123353.0
020 _a9781836590934
100 _aMarissa Carter
_91112952
245 _aCultural Psychology
260 _bEdtech Press
_c2026
942 _cTEXL
999 _c1678422
_d1678422